000 00589nam a2200145Ia 4500
008 191108s9999 xx 000 0 und d
020 _a978-0-435-02659-2
100 _aBatten, Stephen
245 _cStephen Batten, Carol Carysforth, Gillian Dale, Sue Holmes, Steve Ingle, Tracay Mead, Mike Neild.--
_aHospitality level 2:
_bBTEC First /
260 _aHarlow :
_bEdexcel
_c2011.
300 _ax, 406 pages :
_billustrations, portraits ;
_c28 cm.
500 _aIncludes glossary and index.
650 _aHospitality industry -- Problems, exercises, etc.
650 _aHospitality industry.
999 _c362554
_d362554